Memoirs of a veterinary surgeon /
Descripción Física:
224 pàg. : il. b/n ; 22 cm
Otros Autores:
Hancock, Elaine
Idioma:
Catalán , English
MARC
| LEADER | 00000nam a22000007a 4500 | ||
|---|---|---|---|
| 001 | 24811 | ||
| 003 | AGDB | ||
| 005 | 20260324181534.0 | ||
| 008 | 251001b spa||||| |||| 00| 0 cat d | ||
| 041 | |a eng | ||
| 100 | 1 | |a Hancock, Reginald |9 72402 | |
| 245 | |a Memoirs of a veterinary surgeon / |c Reginald Hancock ; illustrated by Elaine Hancock | ||
| 260 | |a London : |b Macgibbon & Kee , |c 1952 | ||
| 300 | |a 224 pàg. : |b il. b/n ; |c 22 cm | ||
| 500 | |a Prové del fons Joan Junyer i Pascual (1909-1994) | ||
| 630 | 7 | |a Veterinaris |2 LEMAC |9 72404 | |
| 650 | |a Fons Joan Junyer i Pascual (1909-1994) |9 72777 | ||
| 700 | 1 | |a Hancock, Elaine |9 72403 |e persona il·lustradora | |
| 942 | |2 udc |c ARXIU |n 1 | ||
| 952 | |0 0 |1 0 |2 udc |4 0 |6 F5043 |7 1 |9 98377 |a Arxiu |b Arxiu |d 2025-10-01 |l 0 |o F-504-3 |p 24811 |r 2025-10-01 13:55:38 |w 2025-10-01 |y ARXIU |z Dedicatòria manuscrita "for Dolores and Juan in affectionate appreciation from the author's son. Christmas 1952". Inclou etiqueta "To Dolores & Juan from Theo". | ||
| 999 | |c 130131 |d 130131 | ||